Obyvateľstvo EÚ sa bojí rozšírenia

Obyvatelia členských krajín EÚ sa obávajú, že rozšírenie EÚ by mohlo vyvolať vážne deformácie trhu práce, zvýšenie nezamestnanosti v existujúcich členských krajinách. Nezáujem obyvateľov o vstup kandidátskych krajín, najmä bývalého socialistického bloku. Problematika migrácie. Masívny presun výroby...

Full description

Saved in:
Bibliographic Details
Main Author: Schönwiesner, Roman
Format: Book Chapter
Language:Slovak
Subjects:
Tags: Add Tag
No Tags, Be the first to tag this record!

MARC

LEADER 00000naa a2200000 4500
001 r045996
005 20230921114026.5
041 0 |a slo 
044 |a SK 
245 1 0 |a Obyvateľstvo EÚ sa bojí rozšírenia  |c Roman Schönwiesner 
520 |a Obyvatelia členských krajín EÚ sa obávajú, že rozšírenie EÚ by mohlo vyvolať vážne deformácie trhu práce, zvýšenie nezamestnanosti v existujúcich členských krajinách. Nezáujem obyvateľov o vstup kandidátskych krajín, najmä bývalého socialistického bloku. Problematika migrácie. Masívny presun výroby do nových členských krajín nehrozí. 
610 2 0 |a integrácia ekonomická medzinárodná 
610 2 0 |a Európska únia 
610 2 0 |a obyvateľstvo 
610 2 0 |a trh práce 
610 2 0 |a nezamestnanosť 
610 2 0 |a migrácia 
610 2 0 |a výroba 
100 1 |a Schönwiesner, Roman